Socio-economic study of labour force dynamics in farming systems based on cotton : the case of Glazoué (Record no. 32009)

MARC details
000 -LEADER
fixed length control field 02483 a2200373 4500
041 ## - CODE DE LANGUE
Language code of summary or abstract/overprinted title or subtitle Fr
040 ## - SOURCE DU CATALOGAGE
Original cataloging agency Support
041 ## - CODE DE LANGUE
Language code of summary or abstract/overprinted title or subtitle Fr
041 ## - CODE DE LANGUE
Language code of summary or abstract/overprinted title or subtitle En
100 ## - VEDETTE PRINCIPALE - NOM DE PERSONNE
Personal name ALOKPAÏ, Nestor
130 ## - VEDETTE PRINCIPALE - TITRE UNIFORME
Language of a work Fr
100 ## - VEDETTE PRINCIPALE - NOM DE PERSONNE
Affiliation Abomey-Calavi, Université d'Abomey-Calavi, Faculté des Sciences Agronomiques, Bj
240 ## - UNIFORM TITLE
Uniform title <a href="Etude socio-économique de la dynamique de la main d'oeuvre agricole dans les systèmes à base de coton : cas de la Commune de Glazoué">Etude socio-économique de la dynamique de la main d'oeuvre agricole dans les systèmes à base de coton : cas de la Commune de Glazoué</a>
260 ## - PUBLICATION, DISTRIBUTION, ETC. (IMPRINT)
Place of publication, distribution, etc Abomey-Calavi
260 ## - PUBLICATION, DISTRIBUTION, ETC. (IMPRINT)
Name of publisher, distributor, etc FSA/UAC
260 ## - PUBLICATION, DISTRIBUTION, ETC. (IMPRINT)
Date of publication, distribution, etc 18 Décembre 2002
245 ## - TITLE STATEMENT
Title Socio-economic study of labour force dynamics in farming systems based on cotton : the case of Glazoué
300 ## - PHYSICAL DESCRIPTION
Extent XVIII-129 p.
300 ## - PHYSICAL DESCRIPTION
Other physical details 29 cm
500 ## - GENERAL NOTE
General note Annexes
502 ## - DISSERTATION NOTE
Dissertation note Thèse pour l'obtention du Diplôme d'Ingénieur Agronome
520 ## - SUMMARY, ETC.
Summary, etc Le développement de l'agriculture dépend de la disponibilité des principaux facteurs de production agricoles qui sont la terre, la main d'oeuvre et la capital. Ce sont en effet ces facteurs, que l'exploitant combine d'une manière cohérente dans son exploitation pour atteindre ses objectifs qui sont d'ordre socio-économique et culturel. Dans le cas présent, c'est la main d'oeuvre agricole qui constitue un facteur limitant à la production pour les exploitants de Glazoué et les difficultés de mobilisation et de gestion de cette main d'oeuvre s'accentuent de jour en jour. Ces problèmes sont dus aux différentes mutations que connaissent le monde rural exacerbé par la promotion contonnière. La présente recherche vise à étudier comment la main d'oeuvre est mobilisée et gérée par les exploitants dans cette zone. La démarche méthodologique adoptée est essentiellement basée sur deux principales phases. La première est la phase théorique essentiellement basée sur la documentation. La deuxième est la phase empirique qui est organisée en trois autres phases à savoir la phase exploratoire, la pré-enquête et la phase approfondie...
650 ## - SUBJECT ADDED ENTRY--TOPICAL TERM
Topical term or geographic name as entry element SYSTEME D'EXPLOITATION AGRICOLE
650 ## - SUBJECT ADDED ENTRY--TOPICAL TERM
Topical term or geographic name as entry element MAIN D'OEUVRE
650 ## - SUBJECT ADDED ENTRY--TOPICAL TERM
Topical term or geographic name as entry element PRODUCTION
650 ## - SUBJECT ADDED ENTRY--TOPICAL TERM
Topical term or geographic name as entry element AGRICULTURE
651 ## - SUBJECT ADDED ENTRY--GEOGRAPHIC NAME
Geographic name COMMUNE DE GLAZOUE
653 1# - INDEX TERM--UNCONTROLLED
Uncontrolled term Economie, Socio-Anthropologie et Communcation
653 #1 - INDEX TERM--UNCONTROLLED
Uncontrolled term Economie, Socio-Anthropologie et Communication pour le Développement Rural
651 ## - SUBJECT ADDED ENTRY--GEOGRAPHIC NAME
Geographic name BENIN
690 ## - LOCAL SUBJECT ADDED ENTRY--TOPICAL TERM (OCLC, RLIN)
Topical term or geographic name as entry element ETUDE SOCIO-ECONOMIQUE
710 ## - ADDED ENTRY--CORPORATE NAME
Corporate name or jurisdiction name as entry element Abomey-Calavi, Université d'Abomey-Calavi, Faculté des Sciences Agronomiques, Bj
Holdings
Withdrawn status Lost status Damaged status Not for loan Location (home branch) Sublocation or collection (holding branch) Date acquired Koha issues (times borrowed) Koha full call number Koha date last seen Copy number Price effective from Koha item type Public note
        Bibliothèque-Centre de Documentation de la Faculté des Sciences Agronomiques Bibliothèque-Centre de Documentation de la Faculté des Sciences Agronomiques     T.ESAC.2002.008 28/02/2009 02 28/02/2009 Livre A.9243


© 2008, Bibliothèques de l'Université d'Abomey-Calavi

04 BP 789 Cotonou, Tél. : +229 21 36 01 01, Fax : +229 21 35 06 32

Courriel : bu@bu.uac.bj